Αρχαία γλυπτά
Αποθηκεύτηκε σε:
| Κύριος συγγραφέας: | |
|---|---|
| Άλλοι συγγραφείς: | |
| Μορφή: | Βιβλίο |
| Γλώσσα: | Greek |
| Δημοσίευση: |
Αθήνα :
Εκδοτική Αθηνών,
c1995.
|
| Σειρά: | Ελληνική τέχνη
|
| Θέματα: | |
| Ετικέτες: |
Προσθήκη ετικέτας
Δεν υπάρχουν, Καταχωρήστε ετικέτα πρώτοι!
|
MARC
| LEADER | 00000cam a2200000 i 4500 | ||
|---|---|---|---|
| 001 | 1/25712 | ||
| 008 | 970120s1994 gr | ||| |||| | gre d | ||
| 020 | |a 9602132906 |q (σκληρό εξώφυλλο) | ||
| 035 | |l 10068115 | ||
| 035 | |l 10031627 | ||
| 040 | |a GR-MY-UA |b gre |e aacr | ||
| 041 | 0 | |a gre | |
| 082 | 7 | |a 733.30938 |2 (21) | |
| 082 | 0 | |a Π 700.495 | |
| 100 | 1 | |a Γιαλούρης, Νικόλαος, |d 1918- | |
| 245 | 1 | 0 | |a Αρχαία γλυπτά / |c Νικόλαος Γιαλούρης ; συνεργασία: Αθανασία Γιαλούρη. |
| 260 | |a Αθήνα : |b Εκδοτική Αθηνών, |c c1995. | ||
| 300 | |a 292 σ. : |b εικ. ; |c 29 εκ. | ||
| 490 | 1 | |a (Ελληνική τέχνη / Εκδοτική Αθηνών) | |
| 500 | |a Το Παράρτημα της Λήμνου διαθέτει την ανατύπωση του 2006. | ||
| 504 | |a Περιέχει βιβλιογραφία και ευρετήριο. | ||
| 650 | 0 | 0 | |a Sculpture, Ancient |z Greece. |
| 650 | 0 | 0 | |a Sculpture, Hellenistic |z Greece. |
| 650 | 0 | 0 | |a Sculpture, Classical |z Greece. |
| 650 | 0 | 0 | |a Sculpture, Greek. |
| 650 | 0 | 0 | |a Art, Greek. |
| 700 | 1 | |a Γιαλούρη, Αθανασία. | |
| 830 | 0 | |a Ελληνική τέχνη | |
| 852 | |a INST |b LEMNOS |e 20100416 |h 709.495 ΓΙΑ |p 005600000206 |q 005600000206 |t REF |y 23 | ||
| 852 | |a INST |b LESVOS |e 19970120 |h 700.495 ΓΙΑ |p 005100012251 |q 005100012251 |t REF |y 23 | ||
| 852 | |a INST |b RHODES |e 19980605 |h 700.495 ΓΙΑ |p 005400006273 |q 005400006273 |t REF |y 23 | ||
| 852 | |a INST |b SYROS |e 20020712 |h 733.30938 ΓΙΑ |p 005500000275 |q 005500000275 |t BK |y 4 |x 20190108 | ||
| 901 | |a BIBL5-2002-2 | ||
| 901 | |a BIBL6-2010-1 | ||
| 901 | |a BIBL-1998-2 | ||
| 922 | |a 5ΕΛΗ |b 200204 |c ΒΙΒΛΙΟΘΗΚΗ ΣΥΡΟΥ |d ΠΑΠΑΣΩΤΗΡΙΟΥ | ||
| 922 | |a 6ΕΛΗ |b 200911 |c ΤΑΚ/ΤΕΤΔ |d BEST BOOK HUNTERS | ||
| 922 | |a 4ΕΛΗ |b 199802 |c ΚΠΣ/Ν |d EMVASIS | ||
| 950 | |a 147-1996-11-26 | ||
| 970 | |a ΚΟΝΤΟΥ |b ΠΑΡΑΣΚΕΥΗ |z 2002/07/12 | ||